Silva: or, A discourse of forest-trees, and the propagation of timber in his Majesty's dominions (Record no. 113818)

MARC details
000 -LEADER
fixed length control field 01424cam a22002295a 4500
001 - CONTROL NUMBER
control field L155781
008 - FIXED-LENGTH DATA ELEMENTS--GENERAL INFORMATION
fixed length control field 120416s1786 xxk f 000 0 eng d
035 ## - SYSTEM CONTROL NUMBER
System control number (Sirsi) u155781
041 0# - LANGUAGE CODE
Language code of text/sound track or separate title eng
100 1# - MAIN ENTRY--PERSONAL NAME
Personal name Evelyn, John
Dates associated with a name 1620-1706
245 00 - TITLE STATEMENT
Title Silva: or, A discourse of forest-trees, and the propagation of timber in his Majesty's dominions
Remainder of title as it was delivered in the Royal Society on the 15th day of October, 1662, upon occasion of certain quæries propounded to that illustrious assembly, by the honourable the principal officers and commissioners of the Navy. Together with an historical account of the sacredness and use of standing groves. By John Evelyn, Esq; Fellow of the Royal Society. With notes by A. Hunter, M.D. F.R.S.
250 ## - EDITION STATEMENT
Edition statement A new edition. To which is added the Terra: a philosophical discourse of earth
260 ## - PUBLICATION, DISTRIBUTION, ETC.
Place of publication, distribution, etc. York
Name of publisher, distributor, etc. printed by A. Ward for J. Dodsley, Pall-Mall; T. Cadell, in the Strand; J. Robson, New Bond-Street; and R. Baldwin, Pater-Noster-Row, London: J. Todd, York
Date of publication, distribution, etc. M.DCC.LXXXVI. [1786]
300 ## - PHYSICAL DESCRIPTION
Extent 2 v.
Other physical details ill., 1 port.
Dimensions 4o
520 ## - SUMMARY, ETC.
Summary, etc. The 'Terra' has a separate title page, pagination and register.
583 0# - ACTION NOTE
Action Condition reviewed
Time/date of action 20120620
Status condition level 4, detached boards
583 ## - ACTION NOTE
Action Sent for conservation
Time/date of action 20130129
Action agent Elizabeth Neville
651 #4 - SUBJECT ADDED ENTRY--GEOGRAPHIC NAME
Geographic name Great Britain
Chronological subdivision 1707-
690 ## - LOCAL SUBJECT ADDED ENTRY--TOPICAL TERM (OCLC, RLIN)
Topical term or geographic name as entry element Rural
9 (RLIN) 6268
700 1# - ADDED ENTRY--PERSONAL NAME
Personal name Hunter, A.
Fuller form of name (Alexander)
Dates associated with a name 1729-1809
942 ## - ADDED ENTRY ELEMENTS (KOHA)
Suppress in OPAC 0
Holdings
Withdrawn status Lost status Source of classification or shelving scheme Damaged status Not for loan Home library Current library Shelving location Date acquired Total Checkouts Full call number Barcode Date last seen Copy number Price effective from Koha item type
    Dewey Decimal Classification     Historic collection Historic collection Historic collection 16/04/2012   FOLIO 1786 EVELYN 30077696 06/08/2019 1 06/08/2019 Book